Zahraniční politika příští americké administrativy

Základné predstavy zahraničnej politiky USA kandidátov na post prezidenta. Priority Clintonovej zahraničnej politiky.

Salvato in:
Dettagli Bibliografici
Autore principale: Khol, Radek
Natura: Capitolo di libro
Lingua:ceco
Soggetti:
Tags: Aggiungi Tag
Nessun Tag, puoi essere il primo ad aggiungerne!!

MARC

LEADER 00000naa a2200000 4500
001 r039915
005 20230927120819.8
041 0 |a cze 
044 |a CZ 
245 1 0 |a Zahraniční politika příští americké administrativy  |c Radek Khol 
520 |a Základné predstavy zahraničnej politiky USA kandidátov na post prezidenta. Priority Clintonovej zahraničnej politiky. 
610 2 0 |a politika zahraničná 
610 2 0 |a USA 
610 2 0 |a demokracia 
610 2 0 |a strany politické 
100 1 |a Khol, Radek